00973nam a2200217 a 450000100100000000500170001000800410002702000150006804000250008308200150010810000500012324501510017326000720032430000280039649000440042450000740046850400310054283000510057395201140062499900170073800004152920201002035626.0131009s2003 sp a 000 0 spa d a8400081757 aDO-SdBNPbspacBNPHU axxxbG643i1 aGonzález Martínez, Elda Evangelina96825513aLa Inmigración esperada :bla política migratoria brasileña desde João VI hasta Getúlio Vargas /cElda Evangelina González Martínez. aMadrid :bConsejo Superior de Investigaciones Científicas,c2003. a262 p. :bil. ;c24 cm.1 aBiblioteca de historia de Américav28 aIncluye referencias bibliográficas y notas al pie de las páginas. aBibliografía: p. 231-247 0aBiblioteca de historia de Américan28968256 0010507-18MOaGRbGRcOId2013-10-09iLF1l0oxxx G643ip41529-10r2020-06-25w2020-06-25y1ZNo se presta c41019d41019